000 00523nam a2200157 i 4500
001 29320
003 ES-MaACL
005 20230906154018.0
007 t|
008 030121q1955 sp ||||1| spa d
100 1 _aBallester Escalas, R.
_925014
245 1 0 _aGrandes enigmas de la historia
_b: las más importantes incógnitas de la humanidad al descubierto /
_cR. Ballester Escalas.
260 _aBarcelona :
_bMateu,
_c[1955?] (
_fEstampa)
300 _a615 p., 48 lám. ;
_c25 cm.
852 _aES-MaACL
_jC-9856
_bR.38450
999 _c29320
_d29320